O que as siglas dos times significam? - Statistics

Estatísticas Gerais
  • Esse quiz foi jogado 290 vezes
  • A pontuação média é 8 de 20
Estatísticas das Respostas
Sigla Significado % Correto
SPFC São Paulo Futebol Clube
96%
SEP Sociedade Esportiva Palmeiras
78%
RBB Red Bull Bragantino
72%
CAM Clube Atlético Mineiro
67%
SCCP Sport Club Corinthians Paulista
50%
SFC Santos Futebol Clube
46%
CEC Cruzeiro Esporte Clube
40%
ECB Esporte Clube Bahia
39%
CAP Club Athletico Paranaense
37%
CRVG Club de Regatas Vasco da Gama
37%
SCI Sport Club Internacional
34%
CRF Club de Regatas do Flamengo
33%
BFR Botafogo de Futebol e Regatas
32%
GFPA Grêmio Foot-Ball Porto Alegrense
32%
CFC Coritiba Foot Ball Club
30%
GEC Goiás Esporte Clube
29%
FEC Fortaleza Esporte Clube
28%
FFC Fluminense Football Club
27%
AFC América Futebol Clube
23%
CEC Cuiabá Esporte Clube
12%
Nenhum quiz correspondente encontrado
Distribuição das Pontuações
Porcentagem de Pessoas com Cada Pontuação
Percentil de Números Respondidos
Sua Pontuação Histórica
Você não jogou esse quiz